Ilhas dos Açores com um mapa - Statistics

Estatísticas Gerais
  • Esse quiz foi jogado 268 vezes
  • A pontuação média é 8 de 9
Respostas no mapa
Respostas codificadas por cores de uma escala verde-vermelha no mapa do quiz de acordo com a % correta abaixo.
 
Estatísticas das Respostas
Tamanho (km²) Ilha % Correto
746,8 São Miguel
93%
17,1 Corvo
92%
447,7 Pico
91%
141,7 Flores
90%
402,2 Terceira
87%
173,1 Faial
80%
97,2 Santa Maria
80%
245,8 São Jorge
80%
61,2 Graciosa
77%
Nenhum quiz correspondente encontrado
Distribuição das Pontuações
Porcentagem de Pessoas com Cada Pontuação
Percentil de Números Respondidos
Sua Pontuação Histórica
Você não jogou esse quiz